Estudio de Opinión Pública Unimer RI - La Nación setiembre - octubre de 1999: efectuada del 23 de setiembre al 5 de octubre /

محفوظ في:
التفاصيل البيبلوغرافية
المؤلف الرئيسي: Paniagua, Carlos G.
مؤلف مشترك: Unimer Research International
مؤلفون آخرون: García S, Cathalina
التنسيق: نص
منشور في: San José: Unimer
الموضوعات:
الوسوم: إضافة وسم
لا توجد وسوم, كن أول من يضع وسما على هذه التسجيلة!

MARC

LEADER 00000 a a2200000 04500
001 27675
003
040
020 |a [sin ISBN]  
090 |a 185900  |b ENCUESTA  
100 |a Paniagua, Carlos G.  
110 |a Unimer Research International  
245 |a Estudio de Opinión Pública Unimer RI - La Nación setiembre - octubre de 1999: efectuada del 23 de setiembre al 5 de octubre /  |c Carlos G. Paniagua  
260 |a San José:   |b Unimer  
300 |a 75 p. y s.p; 3 vol.   |b **no definido**   |b fonodiscos  
650 |a OPINION PUBLICA  
650 |a ENCUESTAS DE OPINION PUBLICA  
650 |a POLITICA  
650 |a ASPECTOS POLITICOS  
650 |a ESTABILIDAD POLITICA  
650 |a POLITICOS  
650 |a ESTADO  
650 |a INTERVENCION DEL ESTADO  
650 |a GOBIERNO  
650 |a BUROCRACIA  
650 |a POLITICA GUBERNAMENTAL  
650 |a ASPECTOS ADMINISTRATIVOS  
650 |a ADMINISTRACION PUBLICA  
650 |a ADMINISTRACION D  
650 |a ESTADISTICAS SOCIALES  
650 |a PROBLEMAS SOCIALES  
650 |a CONDICIONES DE VIDA  
650 |a DELINCUENCIA  
650 |a SEGURIDAD SOCIAL  
650 |a POBREZA  
650 |a DESIGUALDAD SOCIAL  
650 |a DESAMPARADOS  
650 |a DELINCUENCIA  
650 |a DELITOS  
650 |a DROGAS DE USO INDEBIDO  
650 |a VIVIENDA  
650 |a CONDICIONES DE VIVIENDA  
650 |a CONDICION SOCIAL  
650 |a CALIDAD DE LA VIDA  
650 |2 Macrothesaurus de la OCDE  
700 |a García S, Cathalina  
999 |c 16209  |d 16209